|
|
|
|
| LEADER |
03836nam a2200817 ia4500 |
| 001 |
nkc20233533711 |
| 003 |
CZ PrNK |
| 005 |
20250917101627.0 |
| 007 |
ta |
| 008 |
230717s2020 xr ab d p 000 0 cze |
| 015 |
|
|
|a cnb003533711
|z cnb003428036
|z cnb003261691
|
| 020 |
|
|
|a 978-80-7397-311-7
|q (učebnice a pracovní sešit ;
|q brožováno)
|
| 020 |
|
|
|a 978-80-7397-312-4
|q (metodická příručka ;
|q brožováno)
|
| 020 |
|
|
|a 978-80-7397-313-1
|q (cvičebnice ;
|q brožováno)
|
| 035 |
|
|
|a (OCoLC)1357140197
|
| 040 |
|
|
|a ABA001
|b cze
|d BOA001
|e rda
|
| 041 |
0 |
|
|a cze
|a ger
|
| 072 |
|
7 |
|a 811.112.2
|x Němčina
|2 Konspekt
|9 11
|
| 072 |
|
7 |
|a 37.016
|x Učební osnovy. Vyučovací předměty. Učebnice
|2 Konspekt
|9 22
|
| 080 |
|
|
|a 811.112.2
|2 MRF
|
| 080 |
|
|
|a (075.3)
|2 MRF
|
| 080 |
|
|
|a (076.1)
|2 MRF
|
| 080 |
|
|
|a (072)
|2 MRF
|
| 080 |
|
|
|a (07.062)81
|2 MRF
|
| 100 |
1 |
|
|a Černý, Tomáš
|7 pna2011619094
|4 aut
|
| 245 |
1 |
0 |
|a Direkt interaktiv 2 :
|b němčina pro střední školy /
|c Tomáš Černý, Lenka Kovačková, Sandra Tranta
|
| 246 |
3 |
0 |
|a Němčina pro střední školy
|
| 250 |
|
|
|a Nové přepracované vydání
|
| 264 |
|
1 |
|a Praha :
|b Klett,
|c [2020]
|
| 300 |
|
|
|a 3 svazky :
|b ilustrace (převážně barevné), mapy ;
|c 30 cm
|
| 336 |
|
|
|a text
|b txt
|2 rdacontent
|
| 336 |
|
|
|a mluvené slovo
|b spw
|2 rdacontent
|
| 336 |
|
|
|a dvojrozměrný pohyblivý obraz
|b tdi
|2 rdacontent
|
| 337 |
|
|
|a bez média
|b n
|2 rdamedia
|
| 337 |
|
|
|a audio
|b s
|2 rdamedia
|
| 337 |
|
|
|a video
|b v
|2 rdamedia
|
| 338 |
|
|
|a svazek
|b nc
|2 rdacarrier
|
| 338 |
|
|
|a audiodisk
|b sd
|2 rdacarrier
|
| 338 |
|
|
|a videodisk
|b vd
|2 rdacarrier
|
| 500 |
|
|
|a Německo-český slovník
|
| 500 |
|
|
|a V učebnici a v metodické příručce uveden aktivační kód pro přístup na e-learningový portál, dotisk cvičebnice z roku 2025 obsahuje QR kód s přístupem k rozšiřujícím materiálům
|
| 500 |
|
|
|a Pouze vzorová lekce metodické příručky, kompletní verze se nachází na přiloženém DVD
|
| 500 |
|
|
|a V roce 2020 dotisk učebnice, v roce 2025 dotisk cvičebnice
|
| 505 |
0 |
|
|a Učebnice a pracovní sešit. ©2020. 248 stran -- Metodická příručka / Helena Průžová. ©2020. 22 stran, 20 nečíslovaných stran + 1 DVD -- Intensivtrainer : cvičebnice německého jazyka / Tomáš Černý. ©2020. 60 stran
|
| 521 |
8 |
|
|a Jazyková úroveň A2
|
| 650 |
0 |
7 |
|a němčina
|7 ph115512
|2 czenas
|
| 650 |
0 |
9 |
|a German language
|2 eczenas
|
| 653 |
0 |
|
|a jazyková úroveň A2
|
| 655 |
|
7 |
|a učebnice středních škol
|7 fd133771
|2 czenas
|
| 655 |
|
7 |
|a pracovní sešity
|7 fd133116
|2 czenas
|
| 655 |
|
7 |
|a metodické příručky
|7 fd132826
|2 czenas
|
| 655 |
|
7 |
|a jazykové učebnice, texty, příručky (A)
|7 fd600889
|2 czenas
|
| 655 |
|
9 |
|a textbooks (secondary)
|2 eczenas
|
| 655 |
|
9 |
|a activity books
|2 eczenas
|
| 655 |
|
9 |
|a methodological manuals
|2 eczenas
|
| 655 |
|
9 |
|a language textbooks, texts, handbooks (A)
|2 eczenas
|
| 700 |
1 |
|
|a Kovačková, Lenka,
|d 1981-
|7 pna20191033639
|4 aut
|
| 700 |
1 |
|
|a Tranta, Sandra,
|d 1971-
|7 pna20211100709
|4 aut
|
| 700 |
1 |
|
|a Průžová, Helena
|7 xx0244828
|4 aut
|
| 910 |
2 |
|
|a BOA001
|b 4-1489.554
|s učebnice a pracovní sešit, cvičebnice, metodická příručka
|
| 920 |
|
|
|a 006460804
|z OSA001
|
| 920 |
|
|
|a 1388852
|z KLG001
|
| 920 |
|
|
|a nkc20203261691
|
| 920 |
|
|
|a nkc20223428036
|
| 920 |
|
|
|a 001824208
|
| 990 |
|
|
|a BK
|
| 995 |
|
|
|a 01
|
| 991 |
|
|
|b 202308
|c NOV
|
| 996 |
6 |
|
|b 2610905982
|c 4-1489.554
|d 1, učebnice a pracovní sešit
|v 1
|l MZK
|r Sklad / do 1 hodiny
|n 3
|p p.v.
|w 001933450
|u 000020
|a 1
|e BOA001
|j MZK50
|s P
|
| 996 |
6 |
|
|b 2610945386
|c 4-1489.554
|d 2, cvičebnice
|v 2
|l MZK
|r Sklad / do 1 hodiny
|n 2
|p p.v.
|w 001933450
|u 000030
|a 1
|e BOA001
|j MZK50
|s P
|
| 996 |
6 |
|
|b 2610945785
|c 4-1489.554
|d 3, metodická příručka
|v 3
|l MZK
|r Sklad / do 1 hodiny
|n 1
|p p.v.
|w 001933450
|u 000040
|a 1
|e BOA001
|j MZK50
|s P
|